| 000 | 00000nam 2200000zi 4500 |
| 001 | 9.936253 |
| 003 | CaOODSP |
| 005 | 20240403101350 |
| 006 | m o d f |
| 007 | cr |n||||||||| |
| 008 | 240403e19890721onc o f000 0 eng d |
| 040 | |aCaOODSP|beng|erda|cCaOODSP |
| 043 | |an-cn--- |
| 086 | 1 |aJ4-159/1989E-PDF |
| 245 | 04|aThe Young Offenders Act : |bproposals for amendment, consultation document. |
| 264 | 1|a[Ottawa] : |bDepartment of Justice Canada, |cJuly 21, 1989. |
| 300 | |a1 online resource (ii, 125, ii pages) |
| 336 | |atext|btxt|2rdacontent |
| 337 | |acomputer|bc|2rdamedia |
| 338 | |aonline resource|bcr|2rdacarrier |
| 500 | |aDigitized edition from print [by Department of Justice Canada]. |
| 610 | 10|aCanada. |tYoung Offenders Act. |
| 650 | 0|aJuvenile justice, Administration of|zCanada. |
| 650 | 0|aChildren|xLegal status, laws, etc.|zCanada. |
| 650 | 0|aJuvenile delinquency|zCanada. |
| 650 | 6|aDélinquance juvénile|zCanada. |
| 710 | 1 |aCanada. |bDepartment of Justice, |eissuing body. |
| 856 | 40|qPDF|s3.10 MB|uhttps://publications.gc.ca/collections/collection_2024/jus/J4-159-1989-eng.pdf |